[Event "2014 Australian Championships"]
[Site "Melbourne"]
[Date "2014.01.07"]
[Round "7.11"]
[White "Dragicevic, Domagoj"]
[Black "Levi, Eddy"]
[Result "*"]
[WhiteElo "2199"]
[BlackElo "2134"]
[PlyCount "174"]
[EventDate "2014.01.??"]
[EventType "swiss"]
[EventRounds "11"]
[EventCountry "AUS"]
[SourceDate "2014.01.02"]

1. e4 e5 2. Nf3 Nf6 3. Nc3 Bb4 4. Nxe5 Qe7 5. Nd3 Bxc3 6. dxc3 Qxe4+ 7. Be2 O-O
8. O-O d6 9. Re1 Nc6 10. Bf4 Qg6 11. Bg3 Bf5 12. Nf4 Qg5 13. Bd3 Bxd3 14. cxd3
Qb5 15. Qc2 Rfe8 16. d4 h6 17. f3 Na5 18. b3 Rxe1+ 19. Rxe1 Re8 20. c4 Qd7 21.
d5 b6 22. Ne2 c5 23. Nc3 Nb7 24. Kf1 a6 25. Qd3 Rxe1+ 26. Kxe1 Qe7+ 27. Kf2 Nh5
28. Qf5 Nxg3 29. hxg3 Qe8 30. Qd3 Qe5 31. f4 Qf6 32. Kg1 g6 33. Kf2 Kf8 34. Na4
b5 35. Nc3 bxc4 36. Qxc4 Na5 37. Qd3 Ke7 38. Kf3 h5 39. Ne4 Qa1 40. Qe2 Kd7 41.
Qd2 Qf1+ 42. Nf2 Qb5 43. f5 c4 44. fxg6 fxg6 45. b4 c3 46. Qxc3 Qxd5+ 47. Ke2
Nc4 48. Kf1 Ne5 49. a4 Qa2 50. a5 Qb1+ 51. Ke2 Qg1 52. b5 axb5 53. a6 Qxg2 54.
Qa5 Qf3+ 55. Ke1 Qe3+ 56. Kf1 Qc1+ 57. Ke2 Qb2+ 58. Kf1 Nc4 59. a7 Nxa5 60.
a8=Q Qc1+ 61. Ke2 Qc7 62. Nd3 Qc2+ 63. Ke3 Qc7 64. Qd5 Nc4+ 65. Ke2 Qb6 66.
Qf7+ Kc8 67. Qe8+ Kb7 68. Nb4 Qc5 69. Qd7+ Qc7 70. Qxb5+ Nb6 71. Nd3 Qc4 72.
Qe8 Qg4+ 73. Kf2 Nc4 74. Qb5+ Kc7 75. Nf4 Nb6 76. Qe8 Qf5 77. Qxg6 Qc5+ 78. Kg2
Qe3 79. Qxh5 Qe4+ 80. Kh2 d5 81. Qe2 Qb4 82. Qe5+ Kb7 83. Ne6 Qd2+ 84. Kh3 Qc2
85. Qg7+ Ka6 86. Qd4 Qe4 87. Qa1+ Kb7 *

[Event "2014 Australian Championships"]
[Site "Melbourne"]
[Date "2014.01.07"]
[Round "7.12"]
[White "Penrose, Justin"]
[Black "Schon, Eugene"]
[Result "*"]
[WhiteElo "1986"]
[BlackElo "2195"]
[PlyCount "70"]
[EventDate "2014.01.??"]
[EventType "swiss"]
[EventRounds "11"]
[EventCountry "AUS"]
[SourceDate "2014.01.02"]

1. e4 e6 2. Nf3 d5 3. Nc3 Nf6 4. e5 Nfd7 5. d4 c5 6. dxc5 Nc6 7. Bf4 Nxc5 8.
Be2 Be7 9. O-O a6 10. a3 f6 11. Re1 O-O 12. b4 fxe5 13. Bxe5 Nxe5 14. Nxe5 Nd7
15. f4 Qb6+ 16. Kh1 Nxe5 17. fxe5 Qe3 18. Bd3 Qg5 19. Qe2 Bd7 20. Nb1 Be8 21.
c3 Bh5 22. Qd2 Qh4 23. g3 Bf3+ 24. Kg1 Qg4 25. Be2 Bd8 26. Qe3 Bxe2 27. Qxe2
Bb6+ 28. Kh1 Qxe2 29. Rxe2 Rf1+ 30. Kg2 Rg1+ 31. Kh3 Rf8 32. Rg2 Re1 33. Rb2
Rff1 34. Kg2 d4 35. Re2 dxc3 *

[Event "2014 Australian Championships"]
[Site "Melbourne"]
[Date "2014.01.07"]
[Round "7.13"]
[White "Charles, Gareth"]
[Black "Hu, Jason"]
[Result "1-0"]
[WhiteElo "2150"]
[BlackElo "2118"]
[PlyCount "89"]
[EventDate "2014.01.??"]
[EventType "swiss"]
[EventRounds "11"]
[EventCountry "AUS"]
[SourceDate "2014.01.02"]

1. c4 c6 2. d4 d5 3. Nf3 Nf6 4. Nc3 e6 5. e3 Bd6 6. Bd3 Nbd7 7. e4 dxc4 8. Bxc4
e5 9. dxe5 Nxe5 10. Nxe5 Bxe5 11. Qxd8+ Kxd8 12. Bxf7 Bxc3+ 13. bxc3 Nxe4 14.
O-O Rf8 15. Bc4 Nd6 16. Bb3 Kc7 17. Re1 Bd7 18. g3 Rae8 19. Bf4 Bg4 20. Be5 Re7
21. f4 Rd7 22. Kg2 Kb6 23. h3 Bf5 24. g4 Be4+ 25. Kh2 Bd5 26. Bxd5 cxd5 27.
Bxd6 Rxd6 28. Re7 Kc6 29. Rb1 b6 30. Rxg7 Rxf4 31. Rxh7 Rf3 32. Rc1 Re6 33. Rc2
Ree3 34. g5 Rg3 35. Rg2 Rxg2+ 36. Kxg2 Kd6 37. h4 Rxc3 38. g6 Ke6 39. h5 Rc8
40. h6 d4 41. Kf3 Rc3+ 42. Ke2 Rc2+ 43. Kd3 Rxa2 44. g7 Kf7 45. Rh8 1-0

[Event "2014 Australian Championships"]
[Site "Melbourne"]
[Date "2014.01.07"]
[Round "7.14"]
[White "Wallis, Christopher"]
[Black "Choong, Yita"]
[Result "1/2-1/2"]
[WhiteElo "2346"]
[BlackElo "2203"]
[PlyCount "123"]
[EventDate "2014.01.??"]
[EventType "swiss"]
[EventRounds "11"]
[EventCountry "AUS"]
[SourceDate "2014.01.02"]

1. Nf3 Nf6 2. c4 c5 3. Nc3 e6 4. g3 b6 5. Bg2 Bb7 6. O-O Be7 7. Re1 O-O 8. e4
d6 9. d4 cxd4 10. Nxd4 Qc7 11. Ndb5 Qc6 12. Be3 a6 13. Na3 Nbd7 14. f4 Rfe8 15.
g4 g6 16. g5 Nh5 17. Rc1 Qc7 18. Bf3 Ng7 19. Qe2 Rac8 20. Qf2 Ba8 21. Red1 Qb8
22. Rc2 Qb7 23. Bg2 Qa7 24. Rcd2 Red8 25. Kh1 Qc7 26. Rd3 Rb8 27. Rf1 Bf8 28.
Qg3 Qc8 29. Bd4 Re8 30. Qh4 e5 31. Rh3 Nh5 32. Be3 exf4 33. Bxf4 Ne5 34. Nd5
Bg7 35. Bxe5 Rxe5 36. Bf3 h6 37. Bxh5 hxg5 38. Qg4 gxh5 39. Qxh5 Qe6 40. Qh7+
Kf8 41. Rhf3 g4 42. Rf6 Bxd5 43. cxd5 Qxf6 44. Rxf6 Bxf6 45. Nc4 Ke7 46. Nxe5
Bxe5 47. Qh4+ Bf6 48. Qxg4 Bxb2 49. Qe2 Be5 50. h4 b5 51. h5 a5 52. h6 b4 53.
Qf2 Rh8 54. Qa7+ Kf6 55. Qxa5 Rxh6+ 56. Kg1 Rh2 57. Qd8+ Kg6 58. Qg8+ Kf6 59.
Qa8 Rb2 60. Qd8+ Kg6 61. Qg8+ Kf6 62. Qd8+ 1/2-1/2

[Event "2014 Australian Championships"]
[Site "Melbourne"]
[Date "2014.01.07"]
[Round "7.15"]
[White "Canfell, Greg"]
[Black "Tang, Jason"]
[Result "1-0"]
[WhiteElo "2343"]
[BlackElo "2067"]
[PlyCount "87"]
[EventDate "2014.01.??"]
[EventType "swiss"]
[EventRounds "11"]
[EventCountry "AUS"]
[SourceDate "2014.01.02"]

1. Nf3 Nf6 2. g3 d5 3. Bg2 e6 4. O-O Be7 5. d3 b6 6. c4 O-O 7. b3 Bb7 8. Bb2
dxc4 9. bxc4 Nbd7 10. Nc3 Nc5 11. Qc2 Qc8 12. Rfe1 Rd8 13. Rad1 Na6 14. e4 Nb4
15. Qb1 c5 16. a3 Nc6 17. e5 Ne8 18. Ne4 Nd4 19. Qc1 Qd7 20. Qf4 Rac8 21. Nfg5
Bxg5 22. Qxg5 h6 23. Qg4 Nf5 24. Nf6+ Nxf6 25. exf6 Bxg2 26. Kxg2 g6 27. h4 Kh7
28. Re5 Rg8 29. f3 Rcd8 30. Qf4 Qa4 31. Rd2 Qc6 32. Kf2 a6 33. Rd1 Qa4 34. Qd2
Rd6 35. Bc1 g5 36. hxg5 Rxg5 37. Rh1 Rg6 38. g4 Rxf6 39. gxf5 exf5 40. Rh5 Qd7
41. Qf4 Rde6 42. Rxe6 Qxe6 43. Bb2 Rg6 44. Rxf5 1-0

[Event "2014 Australian Championships"]
[Site "Melbourne"]
[Date "2014.01.07"]
[Round "7.16"]
[White "Loh, Zachary"]
[Black "Brown, Andrew"]
[Result "0-1"]
[WhiteElo "2032"]
[BlackElo "2259"]
[PlyCount "72"]
[EventDate "2014.01.??"]
[EventType "swiss"]
[EventRounds "11"]
[EventCountry "AUS"]
[SourceDate "2014.01.02"]

1. d4 Nf6 2. c4 e6 3. Nc3 c5 4. d5 d6 5. Nf3 exd5 6. cxd5 g6 7. Bf4 a6 8. e4
Bg4 9. a4 Bg7 10. Qb3 Bxf3 11. gxf3 b6 12. Bd3 Nh5 13. Be3 Nd7 14. f4 Bh6 15.
Ne2 Qh4 16. Qc3 O-O 17. Qd2 b5 18. Kd1 c4 19. Bc2 Nc5 20. f5 Nxe4 21. Qe1 Bg7
22. Ng3 Bxb2 23. Nxe4 Bxa1 24. h3 Nf6 25. Ng3 Nxd5 26. Rg1 Rfe8 27. fxg6 hxg6
28. Qd2 Nxe3+ 29. fxe3 Re5 30. Qg2 Rae8 31. Nf1 Bc3 32. Bxg6 Kh8 33. Bxf7 Rf5
34. Nd2 Rxf7 35. Qg6 Qh7 36. Qg5 Rg7 0-1

[Event "2014 Australian Championships"]
[Site "Melbourne"]
[Date "2014.01.07"]
[Round "7.17"]
[White "Castor, David"]
[Black "Nemeth, John"]
[Result "1-0"]
[WhiteElo "2125"]
[BlackElo "2115"]
[PlyCount "89"]
[EventDate "2014.01.??"]
[EventType "swiss"]
[EventRounds "11"]
[EventCountry "AUS"]
[SourceDate "2014.01.02"]

1. d4 d5 2. c4 e6 3. Nf3 Nf6 4. cxd5 exd5 5. Bg5 Be7 6. e3 O-O 7. Bd3 h6 8. Bh4
Nbd7 9. O-O Re8 10. Nc3 c6 11. Rb1 Ne4 12. Bxe7 Qxe7 13. Qc2 a5 14. Ne2 Ng5 15.
Nxg5 Qxg5 16. Bf5 Nb6 17. Ng3 Bxf5 18. Qxf5 Qe7 19. Qd3 Nc4 20. b3 Nd6 21. Nf5
Nxf5 22. Qxf5 Qa3 23. Qc2 Re6 24. Qb2 Qe7 25. b4 axb4 26. Qxb4 b5 27. Qxe7 Rxe7
28. Rfc1 Rxa2 29. Rxc6 Rb7 30. Rc3 b4 31. Rcb3 Rc2 32. Kf1 f5 33. Rxb4 Ra7 34.
R4b2 Rc4 35. Rd2 Re7 36. g3 g5 37. Rb6 f4 38. Rxh6 f3 39. Rd1 Kg7 40. Ra6 Rc2
41. h3 Rb7 42. Kg1 Rcb2 43. g4 Re2 44. Re6 Rb8 45. Rf1 1-0

[Event "2014 Australian Championships"]
[Site "Melbourne"]
[Date "2014.01.07"]
[Round "7.18"]
[White "Puccini, Jack"]
[Black "Pyke, Malcolm"]
[Result "1/2-1/2"]
[WhiteElo "2078"]
[BlackElo "2123"]
[PlyCount "166"]
[EventDate "2014.01.??"]
[EventType "swiss"]
[EventRounds "11"]
[EventCountry "AUS"]
[SourceDate "2014.01.02"]

1. c4 g6 2. g3 Bg7 3. Bg2 e5 4. Nc3 d6 5. d3 Nc6 6. e4 Nge7 7. Be3 Nd4 8. Qd2
c5 9. f3 h5 10. O-O-O Qa5 11. Kb1 a6 12. Nd5 Qxd2 13. Rxd2 Nxd5 14. cxd5 h4 15.
Rf2 Bd7 16. Ne2 Bb5 17. Nc1 hxg3 18. hxg3 Rxh1 19. Bxh1 Ke7 20. Rh2 Rh8 21.
Rxh8 Bxh8 22. Bxd4 cxd4 23. Kc2 Bg7 24. Ne2 Bh6 25. f4 Bd7 26. Bf3 Bh3 27. fxe5
dxe5 28. Ng1 Bd7 29. Ne2 Be3 30. Nc1 f5 31. Nb3 Ba4 32. exf5 gxf5 33. g4 fxg4
34. Bxg4 b6 35. Kd1 Kd6 36. Be6 Bb5 37. Kc2 Bd7 38. Bg8 Bg4 39. Nd2 Bxd2 40.
Kxd2 Bf3 41. a3 Bxd5 42. Bh7 Ke7 43. Bf5 Be6 44. Be4 a5 45. Kc2 a4 46. Kd2 Kd6
47. Bg6 Bd5 48. Be8 Bc6 49. Bg6 Ke6 50. Bh5 Kf6 51. Ke2 Kg5 52. Bf7 Kf4 53. Bg6
e4 54. dxe4 Bxe4 55. Be8 Bc2 56. Kd2 Bb3 57. Kd3 Ke5 58. Bc6 Kd6 59. Be8 Kc5
60. Bd7 Bc4+ 61. Kd2 Bb5 62. Be6 Be8 63. Bg8 Bc6 64. Be6 Bd5 65. Bd7 Bb3 66.
Kd3 Bc4+ 67. Kd2 b5 68. Be8 Ba2 69. Bd7 Bb1 70. Be8 Be4 71. Bd7 Bc6 72. Be6 b4
73. axb4+ Kxb4 74. Kd3 Kc5 75. Bf7 Bb5+ 76. Kd2 Bc4 77. Be8 Kb4 78. Bd7 Bb5 79.
Be6 Be8 80. Kd3 Kc5 81. Kd2 Bg6 82. Bd7 Kb4 83. Be6 Be4 1/2-1/2

[Event "2014 Australian Championships"]
[Site "Melbourne"]
[Date "2014.01.07"]
[Round "7.19"]
[White "Jordan, Bill"]
[Black "Stojic, Svetozar"]
[Result "1-0"]
[WhiteElo "2270"]
[BlackElo "2029"]
[PlyCount "77"]
[EventDate "2014.01.??"]
[EventType "swiss"]
[EventRounds "11"]
[EventCountry "AUS"]
[SourceDate "2014.01.02"]

1. e4 c5 2. Nc3 Nc6 3. Nf3 g6 4. d4 cxd4 5. Nxd4 Bg7 6. Nde2 Nf6 7. g3 O-O 8.
Bg2 d6 9. O-O Be6 10. h3 Qd7 11. Kh2 Rfd8 12. Nd5 Rac8 13. a4 Ne5 14. Ra2 Nc4
15. b3 Ne5 16. c4 Nc6 17. Be3 Bxd5 18. exd5 Nb4 19. Rd2 Qc7 20. Nd4 b6 21. Re1
Nd7 22. Bg5 Bf6 23. Bxf6 Nxf6 24. Rde2 Re8 25. Qd2 a5 26. Qh6 Nd3 27. Rd1 Ne5
28. Kg1 Qd7 29. f4 Nxc4 30. bxc4 Rxc4 31. Nc6 Rxa4 32. f5 b5 33. Rde1 e5 34.
dxe6 fxe6 35. Rxe6 Rxe6 36. fxe6 Qe8 37. e7 d5 38. Rf1 Nd7 39. Bxd5+ 1-0

[Event "2014 Australian Championships"]
[Site "Melbourne"]
[Date "2014.01.07"]
[Round "7.20"]
[White "Louie, Ryan"]
[Black "Michaille, Laurent"]
[Result "1/2-1/2"]
[WhiteElo "1909"]
[BlackElo "2115"]
[PlyCount "95"]
[EventDate "2014.01.??"]
[EventType "swiss"]
[EventRounds "11"]
[EventCountry "AUS"]
[SourceDate "2014.01.02"]

1. d4 Nf6 2. c4 e6 3. g3 Bb4+ 4. Bd2 Be7 5. Bg2 d5 6. Nf3 c6 7. O-O O-O 8. Qc2
b6 9. b3 Nbd7 10. Ne5 Nxe5 11. dxe5 Nd7 12. f4 Ba6 13. Kh1 Rc8 14. a4 f6 15.
exf6 Bxf6 16. Ra2 dxc4 17. bxc4 Nc5 18. Be3 Qe7 19. Nd2 Rfd8 20. Ne4 Bd4 21.
Bc1 Nxe4 22. Bxe4 g6 23. Ba3 c5 24. Bc1 Rd6 25. a5 b5 26. cxb5 Bxb5 27. Bb2
Bxb2 28. Rxb2 a6 29. Ra1 Qd7 30. Qc3 Rd4 31. Bf3 c4 32. Kg2 Rd8 33. Qe3 Kf7 34.
Rab1 Rd2 35. Rb4 Qd4 36. Qxd4 R8xd4 37. Rxb5 axb5 38. Rxb5 c3 39. Rc5 c2 40.
Kf2 Ra4 41. Ke3 Rd1 42. Rxc2 Rxa5 43. Rc7+ Kg8 44. Re7 Ra6 45. Be4 Rc1 46. h4
Rc5 47. Bd3 Rd6 48. Kf2 1/2-1/2

[Event "2014 Australian Championships"]
[Site "Melbourne"]
[Date "2014.01.07"]
[Round "7.21"]
[White "Vlietstra, Marc"]
[Black "Stojic, Dusan"]
[Result "1/2-1/2"]
[WhiteElo "2035"]
[BlackElo "2233"]
[PlyCount "82"]
[EventDate "2014.01.??"]
[EventType "swiss"]
[EventRounds "11"]
[EventCountry "AUS"]
[SourceDate "2014.01.02"]

1. e4 c5 2. Nf3 d6 3. d4 Nf6 4. Nc3 cxd4 5. Nxd4 a6 6. Bg5 Nbd7 7. Bc4 e6 8.
O-O h6 9. Bh4 b5 10. Bxe6 fxe6 11. Nxe6 Qa5 12. b4 Qa3 13. Nd5 Kf7 14. Nd8+ Ke8
15. Ne6 Kf7 16. e5 dxe5 17. Nd8+ Kg6 18. c3 Ra7 19. Nc6 Rb7 20. f4 e4 21. Qd4
Kh7 22. Nd8 Bxb4 23. cxb4 Rxd8 24. Bxf6 gxf6 25. Nxf6+ Kg6 26. f5+ Kf7 27. Nxe4
Rb6 28. Nd6+ Rxd6 29. Qxd6 Qe3+ 30. Kh1 Qb6 31. Qd5+ Kf8 32. Rad1 Re8 33. f6
Re2 34. Qh5 Qe3 35. f7 Bb7 36. Rg1 Bxg2+ 37. Rxg2 Re1+ 38. Rxe1 Qxe1+ 39. Rg1
Qe4+ 40. Rg2 Qe1+ 41. Rg1 Qe4+ 1/2-1/2

[Event "2014 Australian Championships"]
[Site "Melbourne"]
[Date "2014.01.08"]
[Round "8.1"]
[White "Bjebork, Igor"]
[Black "Papin, Vasily"]
[Result "1/2-1/2"]
[WhiteElo "2339"]
[BlackElo "2510"]
[PlyCount "32"]
[EventDate "2014.01.??"]
[EventType "swiss"]
[EventRounds "11"]
[EventCountry "AUS"]
[SourceDate "2014.01.02"]

1. Nf3 c5 2. c4 Nc6 3. d4 cxd4 4. Nxd4 e6 5. Nc3 Nf6 6. Bf4 Nxd4 7. Qxd4 Qa5 8.
Bd2 Bc5 9. Qd3 Qb6 10. Qg3 Be7 11. e4 d6 12. b3 O-O 13. Be2 Qc7 14. O-O a6 15.
Rac1 b6 16. Bh6 Ne8 1/2-1/2

[Event "2014 Australian Championships"]
[Site "Melbourne"]
[Date "2014.01.08"]
[Round "8.2"]
[White "Ly, Moulthun"]
[Black "Tu, Hoang Thong"]
[Result "1/2-1/2"]
[WhiteElo "2416"]
[BlackElo "2428"]
[PlyCount "82"]
[EventDate "2014.01.??"]
[EventType "swiss"]
[EventRounds "11"]
[EventCountry "AUS"]
[SourceDate "2014.01.02"]

1. e4 e5 2. Nf3 Nc6 3. d4 exd4 4. Nxd4 Bc5 5. Be3 Qf6 6. c3 Nge7 7. Bc4 Ne5 8.
Be2 N5g6 9. O-O Nf4 10. Bg4 d5 11. Bxc8 Rxc8 12. e5 Qh6 13. Qg4 g5 14. Nf5 Nxf5
15. Qxf5 Qe6 16. Qxg5 Bxe3 17. fxe3 Nd3 18. Nd2 Qg6 19. Qh4 Rg8 20. Qh3 Qg4 21.
Qxg4 Rxg4 22. b3 Ke7 23. Nf3 Rcg8 24. g3 c6 25. Rad1 Nc5 26. Nd4 R8g6 27. Rf4
Nd7 28. Nf3 Nc5 29. Nh4 Rg8 30. Rdf1 Rxf4 31. exf4 Ne4 32. Rc1 f6 33. Nf3 c5
34. Kf1 a5 35. Ke2 b5 36. Ke3 fxe5 37. fxe5 Ng5 38. Ne1 Ke6 39. Nd3 c4 40. bxc4
bxc4 41. Nf4+ Kxe5 1/2-1/2

[Event "2014 Australian Championships"]
[Site "Melbourne"]
[Date "2014.01.08"]
[Round "8.3"]
[White "Illingworth, Max"]
[Black "Cheng, Bobby"]
[Result "1-0"]
[WhiteElo "2434"]
[BlackElo "2433"]
[PlyCount "103"]
[EventDate "2014.01.??"]
[EventType "swiss"]
[EventRounds "11"]
[EventCountry "AUS"]
[SourceDate "2014.01.02"]
[WhiteClock "0:25:00"]
[BlackClock "0:27:02"]

1. d4 e6 2. e4 d5 3. Nd2 c5 4. exd5 exd5 5. Bb5+ Nc6 6. Qe2+ Be7 7. dxc5 Nf6 8.
Nb3 O-O 9. Be3 a6 10. Bxc6 bxc6 11. Nf3 a5 12. O-O-O a4 13. Nbd4 Qc7 14. Bg5
Bxc5 15. Bxf6 Qf4+ 16. Qd2 Qxf6 17. Qc3 Qd6 18. a3 Bg4 19. Rd2 Rfe8 20. h3 Bd7
21. Re1 Bb6 22. Rxe8+ Rxe8 23. Qd3 Re4 24. Qa6 Bc7 25. Ne2 h6 26. Nc3 Rf4 27.
Ne1 Qf6 28. Qa7 Qd8 29. Nd3 Rc4 30. Nxa4 Bf5 31. b3 Bxd3 32. bxc4 Bxc4 33. g3
Ba5 34. Rd1 Bb5 35. Qd4 Qd6 36. Qc5 Qd8 37. Nc3 Qf6 38. a4 Bxc3 39. axb5 Ba5
40. Kb1 Qf3 41. Rd3 Qh1+ 42. Kb2 cxb5 43. Qc8+ Kh7 44. Qf5+ Kg8 45. Re3 f6 46.
Qd7 Kh7 47. Re7 Bc3+ 48. Kxc3 Qa1+ 49. Kd2 Qd4+ 50. Ke2 Qc4+ 51. Kf3 Kh8 52.
Re8+ 1-0

[Event "2014 Australian Championships"]
[Site "Melbourne"]
[Date "2014.01.08"]
[Round "8.4"]
[White "Solomon, Stephen"]
[Black "Johansen, Darryl"]
[Result "1/2-1/2"]
[WhiteElo "2371"]
[BlackElo "2406"]
[PlyCount "41"]
[EventDate "2014.01.??"]
[EventType "swiss"]
[EventRounds "11"]
[EventCountry "AUS"]
[SourceDate "2014.01.02"]

1. d4 Nf6 2. c4 e6 3. Nc3 Bb4 4. e3 O-O 5. Bd3 d5 6. Nf3 b6 7. cxd5 exd5 8. O-O
Bb7 9. Ne2 Nbd7 10. b3 Bd6 11. Bb2 Re8 12. Rc1 Rc8 13. Ng3 g6 14. Qe2 a5 15.
Rc2 h5 16. Rfc1 Qe7 17. Bb5 Red8 18. Bc6 Bxc6 19. Rxc6 Nb8 20. R6c2 Nbd7 21.
Rc6 1/2-1/2

[Event "2014 Australian Championships"]
[Site "Melbourne"]
[Date "2014.01.08"]
[Round "8.5"]
[White "Lane, Gary"]
[Black "Smirnov, Anton"]
[Result "1/2-1/2"]
[WhiteElo "2375"]
[BlackElo "2338"]
[PlyCount "76"]
[EventDate "2014.01.??"]
[EventType "swiss"]
[EventRounds "11"]
[EventCountry "AUS"]
[SourceDate "2014.01.02"]
[WhiteClock "0:03:43"]
[BlackClock "0:18:14"]

1. e4 c5 2. Nf3 d6 3. d4 cxd4 4. Nxd4 Nf6 5. Nc3 a6 6. f4 e5 7. Nf3 Nbd7 8. a4
Qc7 9. Bd3 Be7 10. O-O O-O 11. Kh1 Nc5 12. Qe1 Re8 13. fxe5 dxe5 14. Nh4 Nxd3
15. cxd3 Qd8 16. Nf3 Qxd3 17. Nxe5 Qd4 18. Bf4 Be6 19. Rd1 Qc5 20. Nd3 Qh5 21.
Qg3 Qg6 22. Qe3 Bf8 23. Ne5 Ng4 24. Nxg4 Qxg4 25. Qb6 Bc4 26. Rf3 Qc8 27. Rg3
Qc5 28. Qf6 Re6 29. Qh4 Rae8 30. h3 Rg6 31. Rxg6 hxg6 32. Qg3 b5 33. axb5 axb5
34. e5 Qc6 35. Re1 Bb4 36. Rc1 Bxc3 37. Qxc3 Qe4 38. Qd2 Qd3 1/2-1/2

[Event "2014 Australian Championships"]
[Site "Melbourne"]
[Date "2014.01.08"]
[Round "8.6"]
[White "Wohl, Aleksandar"]
[Black "Li, Luke"]
[Result "1/2-1/2"]
[WhiteElo "2371"]
[BlackElo "2336"]
[PlyCount "120"]
[EventDate "2014.01.??"]
[EventType "swiss"]
[EventRounds "11"]
[EventCountry "AUS"]
[SourceDate "2014.01.02"]
[WhiteClock "0:45:55"]
[BlackClock "0:11:00"]

1. g3 d5 2. Bg2 Nf6 3. Nf3 e6 4. O-O c5 5. c4 d4 6. d3 Nc6 7. e4 Be7 8. Nbd2
O-O 9. a3 Nd7 10. Rb1 Rb8 11. Qe2 a6 12. e5 Qc7 13. Re1 b5 14. h4 Nb6 15. Qe4
Bb7 16. Qg4 Nd7 17. Qf4 Ncxe5 18. Nxe5 Bd6 19. Bxb7 Rxb7 20. Ndf3 Nxe5 21. Nxe5
f6 22. Qg4 fxe5 23. Qxe6+ Qf7 24. Qxf7+ Rbxf7 25. b4 bxc4 26. bxc5 Bxc5 27.
Rxe5 Ba7 28. dxc4 Rxf2 29. Bf4 d3 30. c5 Rc2 31. Rd1 Bxc5+ 32. Rxc5 Rxc5 33.
Bd6 Rc2 34. Bxf8 d2 35. Kf2 Kxf8 36. Ke2 Rc3 37. Rg1 Rxa3 38. Kxd2 Kf7 39. Ke2
a5 40. Kf2 a4 41. Rc1 Rb3 42. Rc7+ Kf6 43. Rc6+ Ke5 44. Rc7 Kf6 45. Rc6+ Kf5
46. Rc5+ Kg4 47. Rg5+ Kh3 48. Rxg7 h5 49. Rg5 a3 50. Rxh5 Rxg3 51. Ra5 Kxh4 52.
Ra8 Rh3 53. Kg2 Rb3 54. Kf2 Kg4 55. Ke2 Rh3 56. Kd2 a2 57. Kc2 Rh2+ 58. Kb3 Kf5
59. Ra5+ Ke4 60. Rxa2 Rxa2 1/2-1/2

[Event "2014 Australian Championships"]
[Site "Melbourne"]
[Date "2014.01.08"]
[Round "8.7"]
[White "McClymont, Brodie"]
[Black "Goldenberg, Igor"]
[Result "0-1"]
[WhiteElo "2261"]
[BlackElo "2373"]
[PlyCount "68"]
[EventDate "2014.01.??"]
[EventType "swiss"]
[EventRounds "11"]
[EventCountry "AUS"]
[SourceDate "2014.01.02"]

1. e4 c5 2. Nf3 Nc6 3. d4 cxd4 4. Nxd4 e6 5. Nc3 d6 6. Be3 Nf6 7. Qd2 Be7 8. f3
O-O 9. O-O-O a6 10. g4 Nd7 11. h4 Nxd4 12. Bxd4 b5 13. g5 Bb7 14. Kb1 b4 15.
Ne2 Qa5 16. g6 Ne5 17. gxh7+ Kxh7 18. Rg1 Bf6 19. Qf4 Rac8 20. Ng3 Ng6 21. Qc1
Bxd4 22. Rxd4 Qc5 23. Ne2 d5 24. exd5 Bxd5 25. Rdg4 Bxa2+ 26. Kxa2 Qa5+ 27. Kb3
Qd5+ 28. c4 bxc3+ 29. Ka3 cxb2 30. Qxb2 Rb8 31. Nc3 Qc5+ 32. Ka2 Rxb2+ 33. Kxb2
Rc8 34. Bc4 Qb4+ 0-1

[Event "2014 Australian Championships"]
[Site "Melbourne"]
[Date "2014.01.08"]
[Round "8.8"]
[White "Schon, Eugene"]
[Black "Sukandar, Irene"]
[Result "1-0"]
[WhiteElo "2195"]
[BlackElo "2369"]
[PlyCount "87"]
[EventDate "2014.01.??"]
[EventType "swiss"]
[EventRounds "11"]
[EventCountry "AUS"]
[SourceDate "2014.01.02"]

1. e4 c5 2. Nf3 e6 3. d4 cxd4 4. Nxd4 Nc6 5. Nc3 d6 6. Be3 Nf6 7. Qd2 Be7 8. f3
O-O 9. O-O-O d5 10. Be2 dxe4 11. Nxc6 bxc6 12. Qxd8 Rxd8 13. Nxe4 Nxe4 14.
Rxd8+ Bxd8 15. Rd1 Be7 16. fxe4 e5 17. Bc4 Kf8 18. h3 Ke8 19. Bb3 a5 20. Ba4
Ra6 21. Rd3 Be6 22. Bb3 Bc8 23. Bc4 Ra8 24. a4 Bb4 25. Bb6 Ba6 26. Bxa6 Rxa6
27. Rd8+ Ke7 28. Rb8 Bd6 29. Rb7+ Ke6 30. Be3 Ra8 31. c3 h5 32. Ra7 Rxa7 33.
Bxa7 Kd7 34. Bb6 Bc7 35. Bxc7 Kxc7 36. g4 hxg4 37. hxg4 c5 38. b3 f6 39. Kd2 c4
40. b4 Kb6 41. g5 axb4 42. gxf6 bxc3+ 43. Kxc3 gxf6 44. Kxc4 1-0

[Event "2014 Australian Championships"]
[Site "Melbourne"]
[Date "2014.01.08"]
[Round "8.10"]
[White "Canfell, Greg"]
[Black "Nakauchi, Gene"]
[Result "1-0"]
[WhiteElo "2343"]
[BlackElo "2210"]
[PlyCount "99"]
[EventDate "2014.01.??"]
[EventType "swiss"]
[EventRounds "11"]
[EventCountry "AUS"]
[SourceDate "2014.01.02"]

1. e4 c5 2. Nc3 Nc6 3. Nge2 Nf6 4. d4 cxd4 5. Nxd4 d6 6. Bg5 e5 7. Bxf6 gxf6 8.
Nf5 Bxf5 9. exf5 Nd4 10. Qxd4 exd4 11. Bb5+ Qd7 12. Bxd7+ Kxd7 13. Ne2 Re8 14.
Kd2 d5 15. Nxd4 Bc5 16. c3 Bxd4 17. cxd4 Re4 18. Kd3 Rhe8 19. Rad1 Rf4 20. f3
Rxf5 21. h4 Rh5 22. g3 f5 23. Rdg1 Rh6 24. Re1 Rxe1 25. Rxe1 f4 26. g4 Re6 27.
Rxe6 Kxe6 28. Kc3 Kd6 29. Kb4 Kc6 30. Ka5 f6 31. b3 h6 32. a3 a6 33. b4 Kc7 34.
b5 axb5 35. Kxb5 b6 36. a4 Kb7 37. a5 bxa5 38. Kxa5 Kc6 39. Ka6 Kc7 40. Kb5 Kd6
41. Kb6 Kd7 42. Kc5 Ke6 43. Kc6 f5 44. g5 hxg5 45. hxg5 Kf7 46. Kxd5 Kg6 47.
Ke6 Kxg5 48. d5 Kh4 49. Kxf5 Kg3 50. Ke4 1-0

[Event "2014 Australian Championships"]
[Site "Melbourne"]
[Date "2014.01.08"]
[Round "8.11"]
[White "Levi, Eddy"]
[Black "Zelesco, Karl"]
[Result "0-1"]
[WhiteElo "2134"]
[BlackElo "2242"]
[PlyCount "73"]
[EventDate "2014.01.??"]
[EventType "swiss"]
[EventRounds "11"]
[EventCountry "AUS"]
[SourceDate "2014.01.02"]

1. e4 e5 2. Nc3 Nf6 3. f4 d5 4. fxe5 Nxe4 5. Qe2 Nxc3 6. dxc3 Be7 7. Bf4 c5 8.
O-O-O Nc6 9. Nf3 Be6 10. h4 h6 11. g3 Qd7 12. Bg2 O-O-O 13. c4 d4 14. Rhe1 Nb4
15. a3 d3 16. cxd3 Nxd3+ 17. Kb1 Bf5 18. Ka1 Qe6 19. Rh1 Qxc4 20. Rc1 Qa4 21.
Rc3 Nb4 22. Rhc1 Rd3 23. Bh3 Bxh3 24. Rxd3 Nxd3 25. Qxd3 Rd8 26. Qc3 Bf5 27.
Ne1 Rd1 28. e6 Rxc1+ 29. Bxc1 Bxe6 30. Kb1 Qe4+ 31. Ka1 Bf5 32. Ka2 Qb1+ 33.
Kb3 Be6+ 34. Ka4 Qe4+ 35. b4 b5+ 36. Ka5 Bd8+ 37. Kxb5 0-1

[Event "2014 Australian Championships"]
[Site "Melbourne"]
[Date "2014.01.08"]
[Round "8.12"]
[White "Matheson, Laurence"]
[Black "Dragicevic, Domagoj"]
[Result "1/2-1/2"]
[WhiteElo "2161"]
[BlackElo "2199"]
[PlyCount "84"]
[EventDate "2014.01.??"]
[EventType "swiss"]
[EventRounds "11"]
[EventCountry "AUS"]
[SourceDate "2014.01.02"]

1. e4 e5 2. Nf3 Nc6 3. Bb5 Nf6 4. O-O Nxe4 5. d4 Be7 6. Qe2 Nd6 7. Bxc6 bxc6 8.
dxe5 Nb7 9. Nbd2 Nc5 10. b3 O-O 11. Bb2 a5 12. Rfe1 a4 13. Nd4 Re8 14. Rad1 Bf8
15. Kh1 Bb7 16. Qg4 axb3 17. axb3 Ra2 18. Ba1 Ne6 19. Ne4 Kh8 20. Nxe6 fxe6 21.
Re3 c5 22. Ng5 Qe7 23. Rh3 h6 24. c4 Rea8 25. Bc3 Rxf2 26. Ne4 Rf5 27. Rf3 Rxf3
28. gxf3 Bc6 29. Bd2 Qf7 30. Be3 Qf5 31. Qxf5 exf5 32. Nd2 Re8 33. Kg1 Rxe5 34.
Bf4 Re2 35. Kf1 Re6 36. Bxc7 d5 37. cxd5 Bxd5 38. Kf2 Be7 39. Nc4 Bc6 40. Bd8
Bb5 41. Bxe7 Rxe7 42. Rd5 Rc7 1/2-1/2